Minecraft blocks not for beginners or pros - Statistics

General Stats
  • This quiz has been taken 160 times
    151 since last reset
  • The average score is 10 of 13
Answer Stats
explanation blocks % Correct
send commands command block
96%
most common block stone
94%
shear a sheep to get wool
92%
only breakable in god mode bedrock
91%
drops books bookshelf
86%
chop a tree wood
78%
invisible unless you hold it barrier
75%
everybody wants it ( can be in block form but not now) diamond
73%
wear on your head for a weird affect pumpkin
73%
call in villagers bell
72%
very nice house materials (once an ore) Iron
72%
smelt an iron ingot furnace
65%
not mineable by hand but mineable by a wood pickaxe stone
61%
No matching quizzes found
Score Distribution
Percent of People with Each Score
Percentile by Number Answered
Your Score History
You have not taken this quiz since the last reset